Higher education : (Record no. 73347)
[ view plain ]
| 000 -LEADER | |
|---|---|
| fixed length control field | 00902nam a22002417a 4500 |
| 005 - DATE AND TIME OF LATEST TRANSACTION | |
| control field | 2013013109089.0 |
| 010 ## - LCCN (DPL NO) | |
| LC control number | B-489253 |
| 020 ## - INTERNATIONAL STANDARD BOOK NUMBER | |
| International Standard Book Number | 9788121210188 |
| Terms of availability | 750.00 |
| 035 ## - SYSTEM CONTROL NUMBER | |
| System control number | B-489253 |
| 037 ## - SOURCE OF ACQUISITION | |
| Source of stock number/acquisition | KBD/Ven |
| 082 ## - DEWEY DECIMAL CLASSIFICATION NUMBER | |
| Classification number | 378 |
| 100 ## - MAIN ENTRY--PERSONAL NAME | |
| Personal name | Chaudhari, Umrao Singh |
| 245 00 - TITLE STATEMENT | |
| Title | Higher education : |
| Statement of responsibility, etc | by Umrao Singh Chaudhari |
| Remainder of title | today and tomorrow / |
| 260 ## - PUBLICATION, DISTRIBUTION, ETC. (IMPRINT) | |
| Place of publication, distribution, etc | New Delhi |
| Name of publisher, distributor, etc | Gyan Publishing House |
| Date of publication, distribution, etc | 2009 |
| 270 ## - ADDRESS | |
| Address | 23, Main Ansari Road, Darya Ganj |
| City | New Delhi |
| Postal code | 110002 |
| 300 ## - PHYSICAL DESCRIPTION | |
| Extent | 258p. |
| Dimensions | 22cm (Hb) |
| 500 ## - GENERAL NOTE | |
| General note | Includes index |
| 700 ## - ADDED ENTRY--PERSONAL NAME | |
| Personal name | Khurana, S.M.Paul |
| 9 (RLIN) | 37583 |
| 700 ## - ADDED ENTRY--PERSONAL NAME | |
| Personal name | Singhal, P.K. |
| 9 (RLIN) | 37584 |
| 942 ## - ADDED ENTRY ELEMENTS (KOHA) | |
| Source of classification or shelving scheme | Dewey Decimal Classification |
| Item type | English Books |
| Call number suffix | CHA |
| Classification part | 378 |
| Withdrawn status | Lost status | Not for loan | Collection code | Home library | Current library | Date acquired | Source of acquisition | Cost, normal purchase price | Full call number | Barcode | Copy number | Cost, replacement price | Koha item type |
|---|---|---|---|---|---|---|---|---|---|---|---|---|---|
| Non-fiction | Central Library | Central Library | 31/01/2013 | KBD/BL9/27.12.2012/121/27.12.2012/08.01.2012 | 750.00 | 378 CHA | B-489253 | 1 | 750.00 | English Books |
